Clasificación de las maderas nacionales para su uso en instrumentos musicales
Enregistré dans:
| Auteur principal: | |
|---|---|
| Format: | Livre |
| Langue: | Spanish |
| Publié: |
[San José, Costa Rica] : Universidad de Costa Rica, Facultad de Ingeniería, Instituto de Investigaciones en Ingeniería, Laboratorio de Productos Forestales
2003
|
| Tags: |
Ajouter un tag
Pas de tags, Soyez le premier à ajouter un tag!
|
MARC
| LEADER | 00000cam a2200000 i 4500 | ||
|---|---|---|---|
| 003 | PI0052 | ||
| 005 | 20231030134414.0 | ||
| 008 | 131217s2003 c a 000 ||spa | ||
| 010 | |a 2014426323 | ||
| 040 | |c cru CEDI | ||
| 090 | |a PI 52 | ||
| 100 | |a Cruz Meléndez, Luis Alberto, 1952- |9 1706 | ||
| 245 | 1 | 0 | |a Clasificación de las maderas nacionales para su uso en instrumentos musicales |
| 260 | |a [San José, Costa Rica] : Universidad de Costa Rica, Facultad de Ingeniería, Instituto de Investigaciones en Ingeniería, Laboratorio de Productos Forestales |c 2003 | ||
| 300 | |a 15[22] hojas | ||
| 500 | |a Informe final de investigación. No. 731 99 316 | ||
| 942 | |c PI |h PI-52 |i PI0052 |6 PI_52_PI0052 | ||
| 999 | |c 21767 |d 21767 | ||



